00740nam a2200169 a 450000100100000000500170001000800410002704000250006808200150009324501190010826000410022770000440026804900090031295201130032195201190043499900170055300002834720240320074002.0110408s1998 dr 000 0 spa d aDO-SdBNPbspacBNPHU axxxxbM54800aMensaje del santo padre Juan Pablo II para la cuaresma de 1998 /cedición al cuidado Rafael Bello Peguero, Pbro. aSanto Domingo :bAmigo Hogar,c1998.1 aBello Peguero, Rafael,d1932-202292405 aNBPD 0010718PDaPDbPDcCTd2011-04-08iLF1l0oxxxx M548p28347-10r2020-06-25w2020-06-25yLFPDZNo se presta 0010718PDaPDbPDcCTd2011-04-08iLF1l0oxxxx M548p28347-20r2020-06-25te. 2w2020-06-25yLFPDZNo se presta c27839d27839